Central Library OPAC University of Rajshahi

Inside AutoCAD : (Record no. 68901)

MARC details
000 -LEADER
fixed length control field 00996nam a2200277 a 4500
001 - CONTROL NUMBER
control field 68901
003 - CONTROL NUMBER IDENTIFIER
rucl marc code BD-RjUL
005 - DATE AND TIME OF LATEST TRANSACTION
control field 20211209081826.0
008 - FIXED-LENGTH DATA ELEMENTS--GENERAL INFORMATION
fixed length control field 170408s1988 caua 001 0 eng
035 ## - SYSTEM CONTROL NUMBER
System control number (BD-RjUL)69112
040 ## - CATALOGING SOURCE
Original cataloging agency DLC
Transcribing agency DLC
Modifying agency DLC
-- BD-RjUL
Language of cataloging eng
041 ## - LANGUAGE CODE
Language code of text/sound track or separate title eng
082 00 - DEWEY DECIMAL CLASSIFICATION NUMBER
Edition number 23
Classification number 620.00420285
Author mark and year RAI 1988
100 1# - MAIN ENTRY--PERSONAL NAME
Personal name Raker, Daniel.
9 (RLIN) 204163
245 10 - TITLE STATEMENT
Title Inside AutoCAD :
Remainder of title a teaching guide to the AutoCAD microcomputer design and drafting program /
Statement of responsibility, etc. Daniel Raker and Harbert Rice.
250 ## - EDITION STATEMENT
Edition statement 4th ed.
260 ## - PUBLICATION, DISTRIBUTION, ETC. (IMPRINT)
Place of publication, distribution, etc. Thousand Oaks, Calif. :
Name of publisher, distributor, etc. New Riders Pub.,
Date of publication, distribution, etc. c1988.
300 ## - PHYSICAL DESCRIPTION
Pagination various p. :
Illustrations ill. ;
Size 28 cm.
500 ## - GENERAL NOTE
General note On t.p. the registered trademark symbol "TM" is superscript following "AutoCAD" in the title.
General note Page 309 publisher's order forms.
General note Includes index.
650 #0 - SUBJECT ADDED ENTRY--TOPICAL TERM
Topical term or geographic name as entry element AutoCAD(Computer programs)
9 (RLIN) 204164
Topical term or geographic name as entry element Computer graphics.
9 (RLIN) 117810
700 1# - ADDED ENTRY--PERSONAL NAME
Personal name Rice, Harbert.
Fuller form of name Joint author.
942 ## - ADDED ENTRY ELEMENTS (KOHA)
Source of classification or shelving scheme Dewey Decimal Classification
Koha item type Books
Holdings
Lost status Source of classification or shelving scheme Damaged status Not for loan Collection code Permanent Location Current Location Shelving location Date acquired Total Checkouts Full call number Date last seen Copy number Koha item type
  Dewey Decimal Classification   Not For Loan Non-fiction Central Library, University of Rajshahi Central Library, University of Rajshahi Reading Room 28/10/1989   620.00420285 RAI 1988 08/04/2017 C-1 Books